| 000 | 00605nam a2200181Ia 4500 | ||
|---|---|---|---|
| 003 | GCL | ||
| 008 | 140319s9999 xx 000 0 ara d | ||
| 040 |
_aGCL / _cGCL |
||
| 082 | 0 | 4 |
_a922.5 _bا ت |
| 100 | 1 | _aاسماعيل بن على الاكوع | |
| 245 | 1 | 0 |
_aتاريخ اعلام ال الاكوع / _cاسماعيل بن على الاكوع |
| 260 |
_aالقاهرة : _bدار الفكر المعاصر |
||
| 300 |
_a190 ص ؛ _c24 سم |
||
| 650 | 0 | 4 | _aالقانون |
| 650 | 0 | 4 | _aالقضاة اليمنيين - تراجم |
| 650 | 0 | 4 | _aالقانونييون - تراجم |
| 942 |
_2ddc _cBK |
||
| 999 |
_c5795 _d5795 |
||